[Event "European Rapid 2022"]
[Site "Katowice POL"]
[Date "2022.12.18"]
[Round "8.88"]
[White "Dwilewicz, Katarzyna"]
[Black "Haydon, David L"]
[Result "0-1"]
[WhiteTitle "WFM"]
[BlackTitle "FM"]
[WhiteElo "2123"]
[BlackElo "2289"]
[WhiteFideId "1148486"]
[BlackFideId "415405"]
[EventDate "2022.12.17"]

1. e4 c6 2. d4 d5 3. Nc3 dxe4 4. Nxe4 Bf5 5. Ng3 Bg6 6. Nh3 Nf6 7. c3 e6 8. Nf4
Nd5 9. Nxg6 hxg6 10. Ne4 Nd7 11. g3 N7f6 12. Ng5 Be7 13. Bg2 Nh7 14. Nf3 Qc7 15.
Ne5 Bf6 16. Ng4 O-O-O 17. Nxf6 Nhxf6 18. Qa4 Kb8 19. Bg5 e5 20. O-O-O Ka8 21.
Bxd5 Rxd5 22. dxe5 Qxe5 23. Be3 Ra5 24. Qc4 Qc7 25. Bf4 Qe7 26. Rhe1 Qf8 27. Bd6
Qg8 28. Re7 Nd5 29. Re5 Nb6 30. Qd4 Rxe5 31. Bxe5 f6 32. Bc7 Nd5 33. Bd6 Qe6 34.
Bc5 b6 35. c4 Nc7 36. Bd6 c5 37. Qf4 Kb7 38. Bxc7 g5 39. Qd6 Qxc4+ 40. Kb1 Qe4+
41. Ka1 Rxh2 42. Bb8 Rh1 43. Qc7+ Ka6 44. Qxa7+ Kb5 45. Qd7+ Kb4 46. Qd2+ Ka4
47. Bc7 Qf3 48. Qc2+ Kb5 49. Rxh1 Qxh1+ 50. Qb1 Qd5 51. a3 Kc6 52. Qg6 Qd7 53.
Bxb6 Kxb6 54. Qe4 Kb5 55. Ka2 f5 56. Qe2+ Kb6 57. Qe3 Qd5+ 58. Kb1 f4 59. gxf4
Qf5+ 60. Kc1 gxf4 61. Qe7 g5 62. Qd6+ Kb5 63. Kd2 g4 64. Qd3+ Qxd3+ 65. Kxd3 c4+
66. Ke4 g3 67. fxg3 fxg3 68. Kf3 Ka4 69. Kxg3 Kb3 70. Kf3 Kxb2 71. a4 c3 72. a5
c2 73. a6 c1=Q 0-1

[Event "European Rapid 2022"]
[Site "Katowice POL"]
[Date "2022.12.18"]
[Round "8.89"]
[White "Paehtz, Thomas"]
[Black "Klepek, Witold"]
[Result "1-0"]
[WhiteTitle "GM"]
[WhiteElo "2339"]
[BlackElo "2216"]
[WhiteFideId "4611349"]
[BlackFideId "1175068"]
[EventDate "2022.12.17"]

1. e4 e6 2. Nf3 d5 3. e5 c5 4. b4 b6 5. c3 Qc7 6. a3 a5 7. b5 c4 8. d4 cxd3 9.
Bxd3 Nd7 10. Qe2 Ne7 11. O-O Ng6 12. Re1 Be7 13. g3 Nc5 14. Bc2 O-O 15. h4 Ne4
16. Be3 Nxe5 17. Nxe5 Qxe5 18. Bf4 Qf6 19. Bxe4 dxe4 20. Bg5 1-0

[Event "European Rapid 2022"]
[Site "Katowice POL"]
[Date "2022.12.18"]
[Round "8.90"]
[White "Agafonov, Yuri Dr"]
[Black "Yao, Lan"]
[Result "1-0"]
[BlackTitle "WIM"]
[WhiteElo "2077"]
[BlackElo "2271"]
[WhiteFideId "11602104"]
[BlackFideId "8610835"]
[EventDate "2022.12.17"]

1. d4 Nf6 2. Bg5 e6 3. Nd2 h6 4. Bh4 b6 5. e4 g5 6. Bg3 d6 7. h4 Rg8 8. hxg5
hxg5 9. Bd3 Bb7 10. Qe2 Nbd7 11. Ngf3 Qe7 12. Ba6 O-O-O 13. a4 g4 14. Ng1 Nb8
15. Bxb7+ Kxb7 16. a5 Qd7 17. Qd3 d5 18. e5 Ne8 19. Ne2 a6 20. axb6 cxb6 21. Qh7
Rg7 22. Qd3 Nc7 23. Nf4 Be7 24. O-O-O Qa4 25. Kb1 Nc6 26. c3 Nb5 27. Qc2 Qxc2+
28. Kxc2 Rc8 29. Kd3 Bg5 30. Nb3 Ne7 31. Rh5 Nf5 32. Rdh1 Rcg8 33. Nd2 Kc6 34.
Rh7 Nxg3 35. fxg3 Bxf4 36. gxf4 Kd7 37. Rxg7 Rxg7 38. Rh8 Nc7 39. Rb8 b5 40. Nb3
Rh7 41. Rg8 Rh4 42. g3 Rh2 43. Nd2 Ne8 44. Rxg4 Rg2 45. b4 Ke7 46. Nb3 Rb2 47.
Nc5 Ra2 48. Rg8 a5 49. bxa5 Rxa5 50. Kc2 Ra1 51. Kb2 Rf1 52. Kb3 Rb1+ 53. Ka3
Rc1 54. Kb2 Rf1 55. Nd3 Rd1 56. Kc2 Rg1 57. Nb2 Rf1 58. Nd1 Rg1 59. Ne3 Re1 60.
Kd2 Rg1 61. f5 Ra1 62. g4 Ra2+ 63. Nc2 Rb2 64. f6+ Kd7 65. Rf8 Rb1 66. Rxf7+ Kc6
67. Re7 Nc7 68. f7 Rf1 69. g5 Rf2+ 70. Ke3 1-0

[Event "European Rapid 2022"]
[Site "Katowice POL"]
[Date "2022.12.18"]
[Round "8.91"]
[White "Ternault, Mathieu"]
[Black "Jarocka, Liwia"]
[Result "1/2-1/2"]
[WhiteTitle "FM"]
[BlackTitle "FM"]
[WhiteElo "2351"]
[BlackElo "2143"]
[WhiteFideId "20641532"]
[BlackFideId "21807558"]
[EventDate "2022.12.17"]

1. d4 Nf6 2. Nf3 e6 3. Bg5 d5 4. Nbd2 Nbd7 5. c3 h6 6. Bf4 c5 7. e3 Qb6 8. Qb3
c4 9. Qc2 Bd6 10. Bxd6 Qxd6 11. e4 Qc6 12. e5 Ng8 13. a4 a6 14. b4 cxb3 15. Qxb3
Ne7 16. Qa3 Rb8 17. Be2 b5 18. axb5 axb5 19. O-O Nb6 20. Rfb1 Nc4 21. Qb4 Bd7
22. h4 g5 23. Nxc4 dxc4 24. Bxc4 g4 25. Nd2 g3 26. f3 Qc7 27. Ne4 Nc6 28. Qd6
Qxd6 29. Nxd6+ Ke7 30. Bxb5 Rb6 31. Bxc6 Rxc6 32. c4 Rc7 33. Kf1 f6 34. Ke2 fxe5
35. dxe5 Rf8 36. Ke3 Rc5 37. f4 Rc7 38. Rb7 Rxb7 39. Nxb7 Bc6 40. Nc5 Rb8 41.
Ra7+ Ke8 42. Rg7 Rb4 43. Kd3 Bxg2 44. Kc3 Rb1 45. Rxg3 Bf1 46. Nb3 Re1 47. Nd2
Rc1+ 48. Kb2 Rd1 49. Kc2 Ra1 50. Rg6 Ra2+ 51. Kc3 Bh3 52. Rxh6 Bf5 53. Nb3 Rf2
54. Nd4 Rxf4 55. Nxf5 exf5 56. Re6+ Kd7 57. Rd6+ Kc7 58. h5 Re4 59. Rf6 Rxe5 60.
Kd4 Re4+ 61. Kd5 Rf4 62. h6 Rh4 63. Rf7+ Kb6 64. c5+ Kb5 65. h7 f4 66. Rb7+ Ka6
67. Rf7 f3 68. c6 Kb6 69. Rxf3 Rh5+ 70. Kd6 Rh6+ 71. Kd5 Rh5+ 72. Ke6 Rxh7 73.
Rc3 Kc7 74. Kd5 Rh5+ 75. Ke6 Rh6+ 76. Kd5 Rh5+ 77. Kd4 Rh4+ 78. Kc5 Rh5+ 79. Kb4
Rh1 80. Kb5 Rb1+ 81. Kc5 Rh1 82. Rd3 Rc1+ 83. Kd4 Rxc6 84. Rc3 Rxc3 85. Kxc3 1/2-1/2

[Event "European Rapid 2022"]
[Site "Katowice POL"]
[Date "2022.12.18"]
[Round "8.92"]
[White "Sowinski, Pawel"]
[Black "Dragicevic, Drazen"]
[Result "0-1"]
[BlackTitle "FM"]
[WhiteElo "2064"]
[BlackElo "2345"]
[WhiteFideId "21881979"]
[BlackFideId "1707922"]
[EventDate "2022.12.17"]

1. c4 Nf6 2. Nf3 d5 3. g3 c5 4. cxd5 Nxd5 5. Bg2 Nc6 6. Nc3 Nc7 7. O-O e5 8. d3
Be7 9. Be3 O-O 10. a3 a5 11. Rc1 b6 12. Nd2 Bd7 13. Nc4 Rb8 14. a4 f6 15. f4
exf4 16. Bxf4 Kh8 17. Nb5 Nxb5 18. axb5 Nd4 19. e3 Nxb5 20. Bxb8 Qxb8 21. Kh1
Rd8 22. Qh5 Be8 23. Qe2 Bg6 24. Rcd1 Bf8 25. Rf4 Nd6 26. Nxd6 Bxd6 27. Rff1 Be5
28. Rd2 Qc7 29. Rfd1 Re8 30. Qf2 Bd6 31. Bf3 Qe7 32. Re2 a4 33. Kg2 b5 34. Bc6
Rb8 35. Qf3 Qf7 36. g4 Qe7 37. Kg1 Qe5 38. d4 Qe7 39. dxc5 Bxc5 40. Rd7 Qe6 41.
Qd5 Qxg4+ 42. Rg2 Qb4 43. Rd8+ Rxd8 44. Qxd8+ Bf8 45. Rd2 h5 46. Bf3 Kh7 47. Kg2
Bc5 48. Qd5 Bb6 49. Re2 Bc7 50. e4 Be5 51. Rc2 h4 52. Rc8 Qxb2+ 53. Kf1 Qxh2 54.
Qd8 Kh6 55. Qh8+ Bh7 56. Qe8 Qh3+ 57. Bg2 Qg4 58. Rc2 Qd1+ 0-1

[Event "European Rapid 2022"]
[Site "Katowice POL"]
[Date "2022.12.18"]
[Round "8.93"]
[White "Dubnevych, Maksym"]
[Black "Karas, Marek"]
[Result "1-0"]
[BlackTitle "FM"]
[WhiteElo "2139"]
[BlackElo "2240"]
[WhiteFideId "14184001"]
[BlackFideId "14928558"]
[EventDate "2022.12.17"]

1. d4 Nf6 2. Nc3 e6 3. e4 d5 4. Bg5 dxe4 5. Nxe4 Be7 6. Bxf6 gxf6 7. Nf3 f5 8.
Ned2 c5 9. Nb3 cxd4 10. Bb5+ Nc6 11. Qxd4 Qxd4 12. Nbxd4 Bd7 13. O-O-O Bf6 14.
Rhe1 O-O-O 15. Bxc6 Bxc6 16. Nxc6 Rxd1+ 17. Kxd1 bxc6 18. Ne5 Rf8 19. c3 Kc7 20.
Kc2 h5 21. Nd3 Rg8 22. g3 h4 23. Re3 Rh8 24. Rf3 Rg8 25. Rf4 Be7 26. Ra4 Kb7 27.
Ne5 Rg7 28. Rd4 f6 29. Nf3 hxg3 30. hxg3 Bc5 31. Rd2 e5 32. b4 Bb6 33. Nh4 f4
34. Nf5 fxg3 35. fxg3 Rg5 36. Nd6+ Kb8 37. Ne4 Rg4 38. Nxf6 Rxg3 39. Nd7+ Kc7
40. Nxe5 Rg7 41. Nc4 Bg1 42. Kb3 Rg3 43. a4 Rh3 44. Nd6 Rh7 45. Ne8+ Kc8 46. Rd6
Kb7 47. Rg6 Bf2 48. Nd6+ Kc7 49. Nc4 Rh3 50. Na5 c5 51. Rc6+ Kd7 52. bxc5 Rh5
53. Kc4 Rh4+ 54. Kb5 Be1 55. Rd6+ Kc7 56. Rf6 Rh7 57. Rf3 Rg7 58. Nc4 Rh7 59.
Ne3 Rd7 60. c6 Rd3 61. Rf7+ Kc8 62. Nc4 Bxc3 63. Rxa7 Rd5+ 64. Ka6 Bd4 65. Rf7
Bc5 66. a5 Rd1 67. Kb5 Bg1 68. Nb6+ Bxb6 69. axb6 Rb1+ 70. Kc5 Rc1+ 71. Kd5 Rd1+
72. Ke4 1-0

[Event "European Rapid 2022"]
[Site "Katowice POL"]
[Date "2022.12.18"]
[Round "8.94"]
[White "Sanz Losada, Victoriano"]
[Black "Vega Gutierrez, Sabrina"]
[Result "1/2-1/2"]
[WhiteTitle "CM"]
[BlackTitle "IM"]
[WhiteElo "2110"]
[BlackElo "2361"]
[WhiteFideId "2202808"]
[BlackFideId "2219026"]
[EventDate "2022.12.17"]

1. d4 d5 2. c4 e6 3. Nc3 c6 4. Nf3 dxc4 5. a4 Bb4 6. Bg5 Ne7 7. e4 b5 8. Be2 Bb7
9. Qc2 a6 10. O-O O-O 11. Rad1 f6 12. Bf4 Nd7 13. Na2 Ba5 14. b3 Ng6 15. Bd6
cxb3 16. Qxb3 Re8 17. Bb4 Nf4 18. Rfe1 Nxe2+ 19. Rxe2 Bxb4 20. Nxb4 Qa5 21. Rc2
bxa4 22. Qc4 Rac8 23. Nd3 Qb5 24. Nc5 Nxc5 25. dxc5 Rcd8 26. Ra1 Rd3 27. h4 a3
28. e5 Qxc4 29. Rxc4 Red8 30. Kh2 fxe5 31. Rb4 Ba8 32. Nxe5 Rc3 33. Rc4 Rxc4 34.
Nxc4 Rd4 35. Nb6 Bb7 36. Rxa3 Rxh4+ 37. Kg3 Rh5 38. Rd3 Rg5+ 39. Kh2 Rxc5 40.
Rd8+ Kf7 41. Rd7+ Kg6 42. Rxb7 Rb5 43. Rb8 a5 44. Nd7 Rxb8 45. Nxb8 c5 46. Nd7
a4 47. Nxc5 a3 48. Kg3 1/2-1/2

[Event "European Rapid 2022"]
[Site "Katowice POL"]
[Date "2022.12.18"]
[Round "8.95"]
[White "Paszewski, Mateusz"]
[Black "Adamczewski, Maciej"]
[Result "1-0"]
[WhiteTitle "FM"]
[WhiteElo "2282"]
[BlackElo "2071"]
[WhiteFideId "1141058"]
[BlackFideId "1148702"]
[EventDate "2022.12.17"]

1. d4 Nf6 2. Bf4 g6 3. Nf3 Bg7 4. c3 c5 5. dxc5 a5 6. e3 Na6 7. Bxa6 bxa6 8. Be5
Bb7 9. Nbd2 Rc8 10. b4 O-O 11. O-O Nd5 12. Bxg7 Kxg7 13. Nc4 axb4 14. cxb4 Nxb4
15. Nb6 Kg8 16. Nxc8 Qxc8 17. Rb1 Qxc5 18. Qd4 Qxd4 19. Nxd4 a5 20. a3 e5 21.
axb4 exd4 22. bxa5 Ba6 23. Rfd1 d3 24. e4 Rc8 25. Rb2 Rc5 26. Ra1 Kf8 27. f3 f5
28. exf5 gxf5 29. g3 f4 30. gxf4 d5 31. Kf2 d4 32. Ra4 Rc2+ 33. Rxc2 dxc2 34.
Ra1 Kf7 35. Ke1 Kf6 36. Kd2 d3 37. Ra4 Ke6 38. Rb4 Kd5 39. Rb6 1-0

[Event "European Rapid 2022"]
[Site "Katowice POL"]
[Date "2022.12.18"]
[Round "8.96"]
[White "Sotsky, Alexander"]
[Black "Gradalski, Olaf"]
[Result "1/2-1/2"]
[WhiteTitle "IM"]
[WhiteElo "2333"]
[BlackElo "2079"]
[WhiteFideId "4130715"]
[BlackFideId "21840580"]
[EventDate "2022.12.17"]

1. d4 d5 2. Bg5 Nf6 3. e3 Bf5 4. Bd3 Bxd3 5. Qxd3 e6 6. Nd2 Nbd7 7. f4 Be7 8.
Ngf3 c5 9. c3 O-O 10. O-O Ne8 11. Bxe7 Qxe7 12. Rae1 Nd6 13. e4 dxe4 14. Nxe4
Nxe4 15. Qxe4 Nf6 16. Qe5 cxd4 17. Nxd4 Rfd8 18. Rf3 Rd5 19. Qe2 Qc5 20. b4 Qb6
21. a4 a5 22. b5 Rad8 23. Kh1 g6 24. Nb3 Nd7 25. c4 Rd6 26. h3 Qc7 27. Qc2 Nc5
28. Nxc5 Qxc5 29. Qc3 Rd4 30. Qxa5 b6 31. Qc3 Rxc4 32. Qa1 Rc2 33. Qa3 Qf5 34.
a5 Rdd2 35. Rg1 Qxb5 36. a6 Ra2 37. a7 Qa5 38. Qe7 Qxa7 39. Qe8+ Kg7 40. f5 exf5
41. Qe5+ f6 42. Qb5 Rab2 43. Qc6 Qd7 44. Qc3 b5 45. Re3 f4 46. Rf3 g5 47. h4 Qg4
48. hxg5 Qxg5 49. Qc7+ Kg6 50. Qc8 Kg7 51. Qc7+ Kg6 52. Qc8 Kg7 53. Qc7+ Kg6 1/2-1/2

[Event "European Rapid 2022"]
[Site "Katowice POL"]
[Date "2022.12.18"]
[Round "8.97"]
[White "Kruckenhauser, Arthur"]
[Black "Jedrusik, Adam"]
[Result "1-0"]
[WhiteTitle "FM"]
[WhiteElo "2339"]
[BlackElo "1951"]
[WhiteFideId "1642812"]
[BlackFideId "21802122"]
[EventDate "2022.12.17"]

1. e4 c6 2. Nf3 d5 3. Nc3 Nf6 4. e5 Ne4 5. Ne2 Bg4 6. d4 c5 7. h3 Bc8 8. Ng3
Nxg3 9. fxg3 Nc6 10. Bd3 Nxd4 11. O-O Nxf3+ 12. Qxf3 f6 13. exf6 exf6 14. Qh5+
Ke7 15. Bf4 Be6 16. Rae1 Rc8 17. Rxe6+ Kxe6 18. Bf5+ 1-0

[Event "European Rapid 2022"]
[Site "Katowice POL"]
[Date "2022.12.18"]
[Round "8.98"]
[White "Brilej, Jaka"]
[Black "Samborski, Henryk"]
[Result "1-0"]
[WhiteTitle "FM"]
[BlackTitle "FM"]
[WhiteElo "2336"]
[BlackElo "2057"]
[WhiteFideId "14618818"]
[BlackFideId "1103849"]
[EventDate "2022.12.17"]

1. d4 Nf6 2. c4 g6 3. Nc3 Bg7 4. Nf3 O-O 5. Bg5 d6 6. e3 Nbd7 7. Be2 h6 8. Bh4
g5 9. Bg3 Nh5 10. Qc2 Ndf6 11. Nd2 c6 12. O-O-O Qc7 13. f3 Nxg3 14. hxg3 e5 15.
dxe5 dxe5 16. g4 Be6 17. Nde4 Nxe4 18. Nxe4 Rfd8 19. Kb1 Rxd1+ 20. Rxd1 Rd8 21.
Bd3 Kf8 22. Nf2 Qa5 23. Bf5 Rxd1+ 24. Nxd1 Bxf5 25. Qxf5 Qd8 26. Kc2 b5 27. Qd3
Bf6 28. cxb5 Qxd3+ 29. Kxd3 cxb5 30. Ke4 Ke7 31. Nc3 a6 32. Nd5+ Ke6 33. Nxf6
Kxf6 34. Kd5 a5 35. a3 1-0

[Event "European Rapid 2022"]
[Site "Katowice POL"]
[Date "2022.12.18"]
[Round "8.99"]
[White "Haug, Havard"]
[Black "Koziorowicz, Michal"]
[Result "0-1"]
[BlackTitle "FM"]
[WhiteElo "2044"]
[BlackElo "2348"]
[WhiteFideId "1547887"]
[BlackFideId "21809194"]
[EventDate "2022.12.17"]

1. e4 e6 2. d3 d5 3. Qe2 Nf6 4. Nf3 Be7 5. g3 a5 6. Bg2 a4 7. O-O O-O 8. e5 Nfd7
9. Nbd2 a3 10. bxa3 Bxa3 11. Bxa3 Rxa3 12. Rfe1 c5 13. h4 Nc6 14. Nf1 b5 15. g4
Qa5 16. Ng3 Qa4 17. Bh3 Nd4 18. Nxd4 Qxd4 19. Kg2 Bb7 20. h5 Qf4 21. d4 Bc6 22.
Rad1 cxd4 23. Rd3 Rfa8 24. Kh2 Nc5 25. Rxa3 Rxa3 26. Rb1 Ne4 27. Rb3 Nc3 28. Qe1
Rxa2 29. h6 Rxc2 30. Kg2 Rc1 31. Ne2 Qe4+ 32. f3 Rxe1 33. fxe4 Rxe2+ 34. Kg3
dxe4 35. Ra3 gxh6 36. Kh4 Kg7 37. Ra7 e3 0-1

[Event "European Rapid 2022"]
[Site "Katowice POL"]
[Date "2022.12.18"]
[Round "8.100"]
[White "Garcia Martin, Marta"]
[Black "Karvatskyi, Oleksii"]
[Result "1-0"]
[WhiteTitle "IM"]
[WhiteElo "2301"]
[BlackElo "1995"]
[WhiteFideId "32084030"]
[BlackFideId "14191059"]
[EventDate "2022.12.17"]

1. e4 c5 2. Nc3 Nc6 3. Bb5 Nd4 4. Nf3 Nxb5 5. Nxb5 a6 6. Nc3 d6 7. d4 cxd4 8.
Qxd4 Nf6 9. Bg5 e6 10. O-O-O Be7 11. e5 dxe5 12. Qxe5 Qb6 13. Be3 Qc6 14. Qg3
O-O 15. Ne5 Qe8 16. Nc4 Bd7 17. Nd6 Bxd6 18. Rxd6 Bc6 19. Bh6 Nh5 20. Qh3 f6 21.
Be3 e5 22. Nd5 Bxd5 23. Rxd5 Rc8 24. Rhd1 Nf4 25. Bxf4 Qa4 26. Qb3 Qxf4+ 27.
R5d2+ Kh8 28. g3 Qe4 29. Kb1 h6 30. Qd5 Qb4 31. Qb3 Qe4 32. Qd5 Qb4 33. h4 Rcd8
34. Qxd8 Rxd8 35. Rxd8+ Kh7 36. a3 Qc5 37. R1d2 e4 38. Re8 f5 39. h5 f4 40. Rxe4
fxg3 41. fxg3 Qxh5 42. Rdd4 Qf5 43. g4 Qf1+ 44. Ka2 Qc1 45. Rc4 b5 46. Rc7 Qg5
47. b3 Qg6 48. Rd4 Qe6 49. a4 bxa4 50. Rxa4 Qe5 51. Rc6 a5 52. Rac4 Qd5 53. R6c5
Qd2 54. Ra4 Qd1 55. Rac4 Qd2 56. Rc7 Qe2 57. Ra7 Qd2 58. Rcc7 Kh8 59. Rc8+ Kh7
60. Rcc7 Kh8 61. Rc8+ Kh7 62. Rc5 Qf4 63. Rc4 Qd2 64. Kb2 Qe1 65. Rcc7 Qe5+ 66.
Ka2 a4 67. Rxg7+ Kh8 68. Rge7 axb3+ 69. cxb3 Qh2+ 70. Ka3 Qd6+ 71. b4 Qd3+ 72.
Ka4 Qd1+ 73. Ka5 Qa1+ 74. Kb5 Qf1+ 75. Kc5 Qf2+ 76. Kc6 Qf6+ 77. Kd7 Qf3 78.
Ra8+ Qxa8 79. Re8+ Qxe8+ 80. Kxe8 1-0

[Event "European Rapid 2022"]
[Site "Katowice POL"]
[Date "2022.12.18"]
[Round "9.1"]
[White "Saric, Ante"]
[Black "Navara, David"]
[Result "1/2-1/2"]
[WhiteTitle "GM"]
[BlackTitle "GM"]
[WhiteElo "2504"]
[BlackElo "2684"]
[WhiteFideId "14506254"]
[BlackFideId "309095"]
[EventDate "2022.12.17"]

1. Nf3 Nf6 2. c4 c6 3. d4 d5 4. cxd5 cxd5 5. Nc3 Nc6 6. Bf4 a6 7. e3 Bg4 8. Be2
e6 9. O-O Be7 10. h3 Bh5 11. Ne5 Bxe2 12. Qxe2 O-O 13. Nxc6 bxc6 14. Na4 Qa5 15.
b3 Nd7 16. Rac1 Rfc8 17. Rc2 Qb5 18. Nc3 Qxe2 19. Nxe2 f6 20. Rd1 Kf7 21. Kf1 a5
22. f3 g5 23. Bg3 a4 24. e4 f5 25. exf5 exf5 26. Rdc1 Ba3 27. Rb1 Nb6 28. Nc1
axb3 29. axb3 f4 30. Be1 c5 31. dxc5 Rxc5 32. Rxc5 Bxc5 33. Bf2 Bxf2 34. Kxf2 d4
35. Rb2 Ra1 36. Nd3 Nd5 37. Rd2 Ne3 38. Ne1 Ke6 39. h4 g4 40. fxg4 Nxg4+ 41. Ke2
Ne3 42. Nf3 Nxg2 43. Nxd4+ Ke5 44. Nf3+ Kf5 45. Rd5+ Kg4 46. Rg5+ Kh3 47. Rg7
Ra2+ 48. Kd3 h5 49. Ke4 Re2+ 50. Kf5 Re3 51. Ng5+ Kxh4 52. Ne4 f3 53. b4 f2 54.
Nxf2 Rf3+ 55. Ke4 Rxf2 56. b5 Rb2 57. b6 Kh3 58. b7 h4 59. Kd5 Nf4+ 60. Kc6 Ne6
61. Rg8 Nd4+ 62. Kc7 Ne6+ 63. Kc6 Nd4+ 64. Kc7 Nb5+ 65. Kd7 Rd2+ 66. Kc6 Nd4+
67. Kb6 Rb2+ 68. Kc7 Nb5+ 69. Kd7 Rd2+ 70. Kc6 Nd4+ 71. Kb6 Rb2+ 72. Kc7 Rc2+
73. Kd7 Nc6 74. Rc8 Ne5+ 75. Kd6 Rb2 76. b8=Q Rxb8 77. Rxb8 Ng4 78. Rh8 1/2-1/2

[Event "European Rapid 2022"]
[Site "Katowice POL"]
[Date "2022.12.18"]
[Round "9.2"]
[White "Yuffa, Daniil"]
[Black "Adams, Michael"]
[Result "1/2-1/2"]
[WhiteTitle "GM"]
[BlackTitle "GM"]
[WhiteElo "2587"]
[BlackElo "2688"]
[WhiteFideId "24131423"]
[BlackFideId "400041"]
[EventDate "2022.12.17"]

1. d4 Nf6 2. c4 e6 3. g3 d5 4. Bg2 Bb4+ 5. Bd2 Be7 6. Nf3 O-O 7. O-O Nbd7 8. Bc3
b6 9. cxd5 Nxd5 10. e4 N5f6 11. d5 Ba6 12. Re1 exd5 13. exd5 Re8 14. Nd4 Bd6 15.
Nc6 Rxe1+ 16. Qxe1 Qe8 17. Nd2 Qxe1+ 18. Rxe1 Kf8 19. b4 Bb5 20. h3 a6 21. g4 h6
22. Nd4 Bd3 23. Re3 Bg6 24. Re1 Bd3 25. Re3 Bg6 26. Re1 Ne5 27. Nc6 Nd3 28. Rd1
b5 29. Nb3 Re8 30. a3 Nd7 31. Nbd4 Nf4 32. Bb2 Nb6 33. Nf5 Bxf5 34. gxf5 Nc4 35.
Ba1 Nxa3 36. f6 g6 37. Bf1 Nc4 38. Bd4 Nxd5 39. Ra1 Nd2 40. Rxa6 Nf3+ 41. Kg2
Nxd4 42. Nxd4 Nxb4 43. Ra5 c6 44. Nxc6 Nxc6 45. Ra6 Rc8 46. Bxb5 Nd4 47. Bd7 Rd8
48. Rxd6 Ne6 49. Rd1 Nf4+ 50. Kh2 Nh5 51. Bg4 Rxd1 52. Bxd1 Nxf6 53. Kg3 Ne4+
54. Kf3 Ng5+ 55. Kg3 Ke7 56. h4 Ne4+ 57. Kf3 Nd6 58. Bc2 Kf6 59. Kf4 Nf5 60. Kg4
Nd4 61. Ba4 Ne6 62. Kg3 Ng7 63. Kg4 Ke5 64. Bb3 Ne6 65. f4+ Kf6 66. h5 Nd4 67.
Ba2 Nf5 68. hxg6 fxg6 69. Bb1 h5+ 70. Kf3 Ke7 71. Ba2 Kd6 72. Ke4 Ke7 73. Ke5
Nd6 74. Bd5 h4 75. Bg2 Nf5 76. Ke4 Kf6 77. Kf3 Nd4+ 78. Kg4 Ne6 1/2-1/2

[Event "European Rapid 2022"]
[Site "Katowice POL"]
[Date "2022.12.18"]
[Round "9.3"]
[White "Fridman, Daniel"]
[Black "Alonso Rosell, Alvar"]
[Result "1-0"]
[WhiteTitle "GM"]
[BlackTitle "GM"]
[WhiteElo "2602"]
[BlackElo "2561"]
[WhiteFideId "11600454"]
[BlackFideId "2270544"]
[EventDate "2022.12.17"]

1. d4 Nf6 2. Nf3 d5 3. c4 e6 4. g3 Be7 5. Bg2 O-O 6. Nc3 c6 7. O-O a5 8. Bf4
dxc4 9. Ne5 Nd5 10. Nxc4 Nd7 11. Bd6 N5b6 12. Bxe7 Qxe7 13. Nxb6 Nxb6 14. e3 Rd8
15. Qb3 Qb4 16. Ne4 Nd5 17. Rfc1 Qe7 18. Nc3 Bd7 19. Na4 Be8 20. e4 Nf6 21. Nb6
Ra6 22. Rd1 c5 23. e5 a4 24. exf6 Qxf6 25. Nxa4 Bxa4 26. Qxb7 Bxd1 27. Qxa6 Qxd4
28. Qb6 g5 29. a4 g4 30. a5 Bf3 31. a6 Qd5 32. Bxf3 gxf3 33. Qb5 c4 34. Qxd5
exd5 35. Kf1 d4 36. a7 Ra8 37. Ke1 Kf8 38. Kd2 Ke7 39. Ra4 Ke6 40. Rxc4 Rxa7 41.
Rxd4 Rb7 42. Kc3 Rb5 43. Rf4 Rc5+ 44. Kd2 Rb5 45. b4 f5 46. Ke3 Rd5 47. Rd4 Re5+
48. Kxf3 Re1 49. Rh4 Rb1 50. Rxh7 Rb3+ 51. Kg2 Rxb4 52. Rh6+ Ke5 53. f4+ Kd5 54.
h4 Rb2+ 55. Kh3 Ke4 56. Ra6 Rb1 57. Ra2 Kf3 58. h5 Rh1+ 59. Rh2 Rg1 60. Kh4 1-0

[Event "European Rapid 2022"]
[Site "Katowice POL"]
[Date "2022.12.18"]
[Round "9.4"]
[White "Santos Latasa, Jaime"]
[Black "Seemann, Jakub"]
[Result "1-0"]
[WhiteTitle "GM"]
[BlackTitle "FM"]
[WhiteElo "2668"]
[BlackElo "2365"]
[WhiteFideId "2293307"]
[BlackFideId "21874697"]
[EventDate "2022.12.17"]

1. Nf3 d5 2. e3 Nf6 3. c4 e6 4. b3 b6 5. Bb2 Bb7 6. Nc3 Nbd7 7. cxd5 exd5 8. d4
a6 9. g3 Bd6 10. Bg2 O-O 11. O-O Qe7 12. Rc1 Ne4 13. Re1 Ndf6 14. Ne5 Nxc3 15.
Bxc3 c5 16. Bb2 Rfd8 17. Nf3 Rac8 18. dxc5 bxc5 19. Re2 a5 20. Rec2 a4 21. Nh4
axb3 22. axb3 Qe6 23. Bxf6 Qxf6 24. Rd2 g5 25. Nf3 d4 26. exd4 Bxf3 27. Bxf3
cxd4 28. Rxc8 Rxc8 29. Rxd4 Bc5 30. Rd2 Kg7 31. Kg2 h6 32. Qe2 Bb6 33. b4 Rc3
34. Bd5 Rc7 35. Bf3 Re7 36. Qc4 Re5 37. Qc6 Qxc6 38. Bxc6 Re7 39. Bf3 Kf6 40.
Bh5 Ke5 41. Rc2 Kd6 42. b5 Bc5 43. Ra2 f6 44. Ra6+ Ke5 45. Rc6 Bd4 46. Rc2 Ra7
47. Re2+ Kd6 48. Bf3 Ra3 49. Rd2 Ke5 50. Bc6 Bb6 51. Re2+ Kd6 52. Kh3 f5 53. Kg2
Rb3 54. Rd2+ Ke5 55. Bd7 Bd4 56. Bxf5 Rxb5 57. Bc2 Ba7 58. Rd7 Ra5 59. Re7+ Kf6
60. Rh7 Ra2 61. Rxh6+ Ke5 62. Rc6 g4 63. Rc8 Bb6 64. Re8+ Kf6 65. Re2 Kg5 66. h3
gxh3+ 67. Kxh3 Rb2 68. f4+ Kf6 69. g4 Rb4 70. g5+ Kf7 71. Kg4 Bc7 72. Be4 Bb8
73. Bd5+ Kf8 74. Be4 Rd4 75. f5 Be5 76. f6 Ra4 77. Kf5 Ra5 78. Rd2 Bd4+ 79. Kf4
Be5+ 80. Kg4 Bc7 81. Rd7 Be5 82. Rd8+ Kf7 83. Bd5+ Kg6 84. Rg8+ Kh7 85. f7 Ra4+
86. Kh5 Bg7 87. g6# 1-0

[Event "European Rapid 2022"]
[Site "Katowice POL"]
[Date "2022.12.18"]
[Round "9.5"]
[White "Azarov, Sergei"]
[Black "Abdrlauf, Elham"]
[Result "1-0"]
[WhiteTitle "GM"]
[BlackTitle "IM"]
[WhiteElo "2562"]
[BlackElo "2518"]
[WhiteFideId "13501470"]
[BlackFideId "1533533"]
[EventDate "2022.12.17"]

1. e4 c6 2. d4 d5 3. e5 c5 4. dxc5 e6 5. Be3 Nd7 6. Bb5 Ne7 7. c3 Nc6 8. b4 a5
9. Bxc6 bxc6 10. Bd4 Ba6 11. f4 axb4 12. cxb4 Qb8 13. a3 g5 14. Nf3 gxf4 15. Kf2
Rg8 16. Nc3 Bh6 17. Re1 Bc4 18. Kg1 Ke7 19. Qd2 Qb7 20. Kh1 Rg4 21. a4 Rag8 22.
Rg1 Qc8 23. b5 cxb5 24. Nxb5 Nb8 25. Nd6 Qc6 26. Rab1 Nd7 27. a5 Ba6 28. Bf2 d4
29. Nxd4 Qa8 30. c6 Nxe5 31. N4f5+ exf5 32. Nxf5+ Kf6 33. Nxh6 R8g6 34. Nxg4+
Nxg4 35. Qxf4+ Kg7 36. Bd4+ f6 37. Rb6 Bc8 38. h3 Qxa5 39. Rb7+ Kg8 40. Qc7 Qxc7
41. Rxc7 Bf5 42. Ra1 1-0